Villes sportives françaises - Extrême - Statistiques

Statistiques générales
  • Ce quiz a été pris 123 fois
    44 depuis la dernière actualisation
  • Le résultat moyen est 48 sur 83
Statistiques - réponses
Ligue 1 Ligue 2 Top 14 Pro D2 Élite StarLigue Ligue A Ville % Correct
Marseille
94%
Toulouse
94%
Lille
92%
Lyon
92%
Paris
92%
Brest
89%
Rennes
89%
Toulon
89%
Bordeaux
86%
Montpellier
86%
Strasbourg
86%
Nantes
83%
Nice
83%
Angers
81%
Bayonne
81%
Clermont-Ferrand
81%
St-Étienne
81%
Auxerre
78%
Grenoble
78%
Monaco
78%
Amiens
75%
Annecy
75%
Dunkerque
75%
Lens
75%
Lorient
75%
Reims
75%
Biarritz
72%
Caen
72%
Metz
72%
Nîmes
72%
Le Havre
69%
Nancy
69%
Perpignan
69%
Vannes
69%
La Rochelle
67%
Pau
67%
Ajaccio
64%
Le Mans
64%
Limoges
64%
Valence
64%
Bastia
61%
Castres
61%
Nanterre
61%
Rodez
61%
Dijon
58%
Guingamp
58%
Tours
58%
Agen
56%
Cannes
56%
Troyes
56%
Villeurbanne
56%
Laval
53%
Aix-en-Provence
50%
Béziers
50%
Bourg-en-Bresse
50%
Montauban
50%
Chambéry
47%
Mont-de-Marsan
47%
Narbonne
47%
Istres
44%
Poitiers
42%
Dax
39%
Angoulême
36%
Aurillac
36%
Chalon-sur-Saône
36%
Chartres
36%
Martigues
36%
Oyonnax
36%
Cholet
33%
Creteil
33%
St-Quentin
33%
Sète
31%
Brive-la-Gaillarde
28%
Nevers
28%
Ivry
25%
Tourcoing
25%
Colommiers
22%
St-Nazaire
22%
Le Portel
19%
St-Raphaël
19%
Chaumont
8%
Tremblay-en-France
6%
Plessis-Robinson
3%
Aucun quiz correspondant
Distribution des résultats
% des personnes avec chaque résultat
Percentile par nombre de réponses
Votre historique - résultats
Vous n’avez pas pris ce quiz depuis la dernière actualisation